Scottish Institute of Sustainable Technology (Record no. 120798)

MARC details
000 -LEADER
fixed length control field 00827cai a22001815a 4500
001 - CONTROL NUMBER
control field E147681
008 - FIXED-LENGTH DATA ELEMENTS--GENERAL INFORMATION
fixed length control field 090604u xxk g 000 0 eng d
035 ## - SYSTEM CONTROL NUMBER
System control number (Sirsi) u147681
041 0# - LANGUAGE CODE
Language code of text/sound track or separate title eng
110 2# - MAIN ENTRY--CORPORATE NAME
Corporate name or jurisdiction name as entry element SISTech Ltd
245 00 - TITLE STATEMENT
Title Scottish Institute of Sustainable Technology
Medium [electronic resource]
520 ## - SUMMARY, ETC.
Summary, etc. Website for SISTech, which is a research group jointly owned by Heriot Watt University and MWH UK Ltd, and which undertaked research in order to promote sustainability. Includes information on the work of SISTech, and current projects, as well as links to online publications.
590 ## - LOCAL NOTE (RLIN)
Local note KA
651 #4 - SUBJECT ADDED ENTRY--GEOGRAPHIC NAME
Geographic name Scotland
Chronological subdivision 1999-
690 ## - LOCAL SUBJECT ADDED ENTRY--TOPICAL TERM (OCLC, RLIN)
Topical term or geographic name as entry element ENVIRONMENTAL AND LAND CONSULTANCY-SUSTAINABILITY
856 40 - ELECTRONIC LOCATION AND ACCESS
Uniform Resource Identifier <a href="https://www.sistech.co.uk/index.htm">https://www.sistech.co.uk/index.htm</a>
Public note View the website free of charge at www.sistech.co.uk...
942 ## - ADDED ENTRY ELEMENTS (KOHA)
Suppress in OPAC 0
Holdings
Withdrawn status Lost status Source of classification or shelving scheme Damaged status Not for loan Home library Current library Shelving location Date acquired Total Checkouts Full call number Barcode Date last seen Copy number Price effective from Koha item type
    Dewey Decimal Classification     Virtual Virtual Online 04/06/2009   WEBSITE 147681-2001 06/08/2019 1 06/08/2019 Online material